| 000 | 00423nam a2200193Ia 4500 | ||
|---|---|---|---|
| 005 | 20250603144556.0 | ||
| 008 | 250603s9999 xx 000 0 und d | ||
| 020 | _a9780321690845 | ||
| 050 | _aQH 308.2 .F73/ | ||
| 100 | _aFreeman, Scott | ||
| 245 | 0 | _aBiological science | |
| 250 | _a4th ed. | ||
| 260 | _aBoston | ||
| 260 | _bPearson | ||
| 260 | _c2011 | ||
| 300 | _a1127 p | ||
| 650 | _aBoston | ||
| 942 | _cBK | ||
| 999 |
_c39328 _d39328 |
||